| 000 | 00642cam a22002054a 4500 | ||
|---|---|---|---|
| 020 | _a9780415871952 (alk. paper) | ||
| 020 | _a9780415871969 (alk. paper) | ||
| 020 | _a9780203846162 (alk. paper) | ||
| 040 | _cDLC | ||
| 082 | 0 | 0 | _a379 ROU 2010 A070 Or. |
| 245 | 0 | 0 |
_aAccountability in higher education : _bglobal perspectives on trust and power / |
| 260 |
_aNew York, NY : _bRoutledge, _c2010. |
||
| 300 |
_axv, 270 p. ; _c25 cm. |
||
| 490 | 0 | _aInternational studies in higher education | |
| 650 | 0 | _aEducational accountability | |
| 650 | 0 | _aEducation, Higher | |
| 700 | 1 | _aStensaker, Bjørn. | |
| 700 | 1 | _aHarvey, Lee, | |
| 942 | _cEK | ||
| 999 |
_c14700 _d14700 |
||